| 000 | 00561nam a2200181Ia 4500 | ||
|---|---|---|---|
| 008 | 151018s9999 xx 000 0 und d | ||
| 082 |
_bRBASDV9961 _a914.919 |
||
| 100 | _aज श्री टिळक | ||
| 245 | _aअशी ही दिल्ली | ||
| 250 | _b1 | ||
| 260 |
_bकेशरी प्रकाशन _c1971 |
||
| 300 | _a272 | ||
| 600 | _aज श्री टिळक | ||
| 630 | _aअशी ही दिल्ली | ||
| 700 | _aज श्री टिळक | ||
| 730 | _aअशी ही दिल्ली | ||
| 942 | _cBOOK | ||
| 999 |
_c1012323 _d1012320 |
||